000 00662cam a22002291 4500
001 ne 66000289
003 DLC
005 20260227111820.0
008 810819s1965 iq b 000 0 arar
010 _ane 66000289
025 _aPL480:UAR-6379
035 _a(OCoLC)7682065
040 _aDLC
_cTU
_dTU
_dDLC
042 _apremarc
050 0 0 _aPJ6106
_b.S24
100 1 _aSāmarrāʼī, ʻĀmir Rashīd.
245 1 0 _aĀrāʼ fī al-ʻArabīyah
_cbi-qalam ʻĀmir Rashīd al-Sāmarrāʼī.
260 _aBaghdād,
_b[Maktabat al-nahḍah,
_c1965]
300 _a156 p.
_c24 cm.
504 _aBibliography: p. 151-156.
650 0 _aArabic language
_xGrammar.
999 _c48686
_d48686